50 Authors from 25 Anagrams - Tough - Statistics

General Stats
  • This quiz has been taken 15 times
  • The average score is 3 of 25
Answer Stats
Anagram Authors % Correct
Thickened Crisis Agatha Christie and Charles Dickens
40%
Wise Relic C.S. Lewis and Anne Rice
40%
Fake Lake Harper Lee and Franz Kafka
40%
A Skeleton Unit Jane Austen and J.R.R. Tolkien
30%
A Funk Follower William Faulkner and Virginia Woolf
30%
Machine Villain Anaïs Nin and Niccolò Machiavelli
20%
Beef Or Down Dan Brown and Daniel Defoe
20%
Glaciers Enjoy James Joyce and J.D. Salinger
20%
Knowing Girl J.K. Rowling and Stephen King
20%
Koala Razes Sheep William Shakespeare and Émile Zola
20%
Gamely Whiny Toots Ernest Hemingway and Leo Tolstoy
10%
Ban Drunk Exile Karen Blixen and Milan Kundera
10%
Two Puritans Mark Twain and Marcel Proust
10%
Arched Long Log Raymond Chandler and Nikolai Gogol
10%
Casual Madmen Alexandre Dumas and Alistair MacLean
0%
Alarmed Owls Douglas Adams and George Orwell
0%
Be Self Mining Ian Fleming and Henrik Ibsen
0%
No Valid Moons Isaac Asimov and Jack London
0%
Serving Harem John Grisham and Jules Verne
0%
Silly Wheeled Mary Shelley and Oscar Wilde
0%
All Clown Herd Patricia Cornwell and Roald Dahl
0%
Pinkish Guilder Rudyard Kipling and Salman Rushdie
0%
London Slashers Stieg Larsson and Sidney Sheldon
0%
Plow Calamities Tennessee Williams and Truman Capote
0%
A Book Coven Umberto Eco and Vladimir Nabokov
0%
No matching quizzes found
Score Distribution
Percent of People with Each Score
Percentile by Number Answered
Your Score History
You have not taken this quiz